|
|
|
|
| LEADER |
00000nab a2200000 a 4500 |
| 001 |
vtls000881214 |
| 003 |
SK-MaSNL |
| 005 |
20260304142850.0 |
| 008 |
250505c2004 xo 0 slo |
| 015 |
|
|
|a SNBRB2004/08-25257
|
| 035 |
|
|
|a CLN000232733
|
| 035 |
|
|
|a urn:nbn:sk:snk-ab6xup
|
| 035 |
|
|
|a (uuid)f30e62cc-407a-4940-99ca-da7332238260
|
| 035 |
|
|
|a (urnnbn)urn:nbn:sk:snk:ar-a066ys
|
| 035 |
|
|
|a (sysno)vtls000881214
|
| 040 |
|
|
|a SNKBUCL
|b slo
|c SNKBUCL
|e AACR2
|
| 041 |
0 |
|
|a slo
|
| 044 |
|
|
|a xo
|c SK
|
| 080 |
|
|
|a 615.838:61-051:93/99:82-95
|2 1997
|
| 100 |
1 |
|
|a Bernadič, Marián,
|d 1952-
|4 rev
|9 137185
|
| 245 |
1 |
0 |
|a Kúpeľní lekári v Piešťanoch - pohľad do histórie
|c Marián Bernadič
|
| 650 |
0 |
7 |
|a kúpele
|x história
|2 MESH
|9 1229807
|
| 650 |
0 |
7 |
|a lekári
|x história
|2 MESH
|9 841665
|
| 655 |
|
7 |
|a recenzie
|2 snkbucl
|9 21907
|
| 655 |
|
7 |
|a články z novín a časopisov
|2 snkbucl
|9 267496
|
| 773 |
0 |
|
|t Revue ošetrovateľstva a laboratórnych metodík
|g Roč. 10, č. 1 (2004), s. 34
|x 1335-5090
|
| 787 |
0 |
8 |
|i Rec.:
|a Urbánek, T.
|a Urbánek, T.
|t Kúpeľní lekári v Piešťanoch - pohľad do histórie
|t Kúpeľní lekári v Piešťanoch - pohľad do histórie
|d Piešťany : Balneologické múzeum, 2003
|d Piešťany : Balneologické múzeum, 2003
|
| 850 |
|
|
|a Slovenská národná knižnica
|
| 852 |
|
|
|a Slovenská národná knižnica
|
| 958 |
|
|
|a article27
|
| 958 |
|
|
|a OND
|
| 958 |
|
|
|a MI
|
| 958 |
|
|
|a EUIPO
|
| 999 |
|
|
|c 2923442
|d 2925372
|